Catálogo público

Pablo O'higgins : voz de lucha y de arte / (Record no. 172202)

MARC details
000 -CABECERA
campo de control de longitud fija 01129nam a2200289Ia 4500
001 - NÚMERO DE CONTROL
campo de control dia_1729
003 - IDENTIFICADOR DEL NÚMERO DE CONTROL
campo de control CHAP
005 - FECHA Y HORA DE LA ÚLTIMA TRANSACCIÓN
campo de control 20230626102701.0
008 - DATOS DE LONGITUD FIJA--INFORMACIÓN GENERAL
campo de control de longitud fija 220117s2005 xx 000 0 und d
010 ## - NÚMERO DE CONTROL DE LA BIBLIOTECA DEL CONGRESO
Número de control de LC 172202
020 ## - NÚMERO INTERNACIONAL ESTÁNDAR DEL LIBRO
Número Internacional Estándar del Libro 970-9801-00-7
040 ## - FUENTE DE LA CATALOGACIÓN
Centro/agencia transcriptor CHAP
082 ## - NÚMERO DE LA CLASIFICACIÓN DECIMAL DEWEY
Número de clasificación 760.094 P33 2005
245 ## - MENCIÓN DE TÍTULO
Título Pablo O'higgins : voz de lucha y de arte /
Mención de responsabilidad, etc. Ricardo Pérez Montfort...[et al.]
260 ## - PUBLICACIÓN, DISTRIBUCIÓN, ETC.
Lugar de publicación, distribución, etc. México :
Nombre del editor, distribuidor, etc. Fundación Cultural María y Pablo O'Higgins,
Fecha de publicación, distribución, etc. 2005
300 ## - DESCRIPCIÓN FÍSICA
Extensión 182 p.
500 ## - NOTA GENERAL
Nota general Exposiciones en el Antiguo Colegio de San Ildefonso (Obra pictórica) 21 de octubre, 2004 al 27 de febrero, 2005 y en Palacio de Minería (Obra gráfica) 4 de noviembre, 2004 al 30 de enero, 2005
503 ## - NOTA DE HISTORIA BIBLIOGRÁFICA (BK CF MU) [OBSOLETO]
Nota de historia bibliográfica D.
590 ## - NOTA LOCAL (RLIN)
Nota local N6559.O38 P33 2005
600 ## - PUNTO DE ACCESO ADICIONAL DE MATERIA--NOMBRE DE PERSONA
Nombre de persona 2. O'Higgins, Pablo, 1904-1983 - Exposiciones \ 4. O'Higgins, Pablo, 1904-1983 - Exhibitions
9 (RLIN) 151261
650 ## - PUNTO DE ACCESO ADICIONAL DE MATERIA--TÉRMINO DE MATERIA
Término de materia o nombre geográfico como elemento de entrada Mexican painting
Subdivisión general 20th century
9 (RLIN) 151262
650 ## - PUNTO DE ACCESO ADICIONAL DE MATERIA--TÉRMINO DE MATERIA
Término de materia o nombre geográfico como elemento de entrada Pintura mexicana
Subdivisión general Siglo XX
9 (RLIN) 151263
901 ## - ELEMENTOS DE DATOS A LOCAL LDA (RLIN)
a 760.094 P33 2005
902 ## - ELEMENTOS DE DATOS B LOCAL, LDB (RLIN)
a A
905 ## - ELEMENTOS DE DATOS E LOCAL, LDE (RLIN)
a 5232272005 mx acdj8225233324spa16
942 ## - ELEMENTOS DE PUNTO DE ACCESO ADICIONAL (KOHA)
Tipo de ítem Koha Libro
Fuente del sistema de clasificación o colocación Dewey Decimal Classification
Holdings
Estado de retiro Estado de pérdida Fuente del sistema de clasificación o colocación Estado dañado No para préstamo Código de colección Localización permanente Ubicación/localización actual Fecha de adquisición Información codificada de la localización en otra ubicación Total de préstamos Signatura topográfica completa Código de barras Fecha visto por última vez Número de copia Precio válido a partir de Tipo de ítem Koha
    Dewey Decimal Classification     General Ingenieria Agroindustrial Ingenieria Agroindustrial 18/01/2022 1   760.094 P33 2005 dia_006221 18/01/2022 1 18/01/2022 Libro